[Event "IND-ch U15"]
[Site "Kolkata"]
[Date "2018.07.18"]
[Round "2"]
[White "Doshi, Moksh Amitbhai"]
[Black "Shree, Krishna Pranama"]
[Result "1-0"]
[WhiteElo "2261"]
[BlackElo "1665"]
[PlyCount "63"]
[EventDate "2018.07.17"]
[EventType "swiss"]
[EventRounds "11"]
[EventCountry "IND"]
[SourceTitle "CBM 186 Extra"]
[Source "ChessBase"]
[SourceDate "2018.08.24"]
[SourceVersion "1"]
[SourceVersionDate "2018.08.24"]
[SourceQuality "1"]

1. c4 Nf6 2. g3 g6 3. Bg2 Bg7 4. Nc3 0-0 5. d4 d6 6. Nf3 d5 7. cxd5 Nxd5 8. 0-0 Nxc3 9. bxc3 c5 10. Rb1 Nc6 11. d5 Na5 12. Nd2 c4 13. Qc2 Bg4 14. Re1 Rc8 15. Ba3 a6 16. Bb4 b5 17. Qb2 Nb7 18. Qa3 Nd6 19. e4 Be5 20. f4 Qb6+ 21. Kh1 Bg7 22. e5 Nf5 23. Ne4 Ne3 24. Bc5 Nc2 25. Bxb6 Nxa3 26. Rbc1 Bf5 27. Ba5 b4 28. Bxb4 Nb5 29. Bxe7 Rfe8 30. Nf6+ Bxf6 31. Bxf6 h5 32. d6 1-0